[Event "Medellin Feria de las Flores op"]
[Site "Medellin"]
[Date "2022.08.06"]
[Round "6"]
[White "Marin, Luis Eduardo"]
[Black "Toro Castaneda, Elizabeth"]
[Result "0-1"]
[WhiteElo "1532"]
[BlackElo "1937"]
[PlyCount "42"]
[EventDate "2022.08.03"]
[EventType "swiss"]
[EventRounds "9"]
[EventCountry "COL"]
[SourceTitle "CBM 209 Extra"]
[Source "ChessBase"]
[SourceDate "2022.09.30"]
[SourceVersion "1"]
[SourceVersionDate "2022.09.30"]
[SourceQuality "1"]

1. e4 c5 2. Nf3 d6 3. Bb5+ Nd7 4. 0-0 a6 5. Bxd7+ Bxd7 6. d4 cxd4 7. Nxd4 Nf6 8. Nc3 g6 9. Bg5 Bg7 10. Qd2 h6 11. Bxf6 Bxf6 12. Nd5 Bg7 13. c3 0-0 14. f3 b5 15. b3 Rc8 16. Ne3 Re8 17. Rac1 Qb6 18. Rfd1 Qa7 19. Kh1 Rc5 20. Rc2 Rh5 21. g4 Rc5 0-1

[Event "Medellin Feria de las Flores op"]
[Site "Medellin"]
[Date "2022.08.04"]
[Round "2"]
[White "Iral Castro, Brahiam"]
[Black "Marin, Luis Eduardo"]
[Result "0-1"]
[WhiteElo "1859"]
[BlackElo "1532"]
[PlyCount "112"]
[EventDate "2022.08.03"]
[EventType "swiss"]
[EventRounds "9"]
[EventCountry "COL"]
[SourceTitle "CBM 209 Extra"]
[Source "ChessBase"]
[SourceDate "2022.09.30"]
[SourceVersion "1"]
[SourceVersionDate "2022.09.30"]
[SourceQuality "1"]

1. d4 d6 2. e4 Nf6 3. Nc3 e5 4. dxe5 dxe5 5. Qxd8+ Kxd8 6. Bg5 Be6 7. 0-0-0+ Nbd7 8. Nf3 Bd6 9. Be2 h6 10. Bxf6+ gxf6 11. Nd5 Bxd5 12. Rxd5 Nb6 13. Rd2 Nc8 14. Bc4 Rh7 15. Rhd1 Ne7 16. Rxd6+ cxd6 17. Rxd6+ Kc7 18. Rxf6 Nc6 19. Bd5 Re8 20. c3 Re7 21. Nh4 h5 22. Nf5 Rd7 23. h4 Ne7 24. Bb3 Ng8 25. Re6 fxe6 26. Bxe6 Rd8 27. Ne3 Ne7 28. Nc4 Nc6 29. Ne3 Rh6 30. Bb3 Ne7 31. f3 b5 32. Kc2 Rhd6 33. Bf7 Rd2+ 34. Kb3 Re2 35. Nf1 Rxg2 36. Bxh5 Rh8 37. Bg4 Rxh4 38. Ne3 Re2 39. Nf1 Rf2 40. Ne3 Rhh2 41. Kb4 Kb6 42. Be6 Rh6 43. Ng4 Rxe6 44. Nxf2 Rf6 45. Ng4 Nc6+ 46. Kb3 Rxf3 47. Kc2 Rf4 48. Ne3 Rxe4 49. Kd3 Rxe3+ 50. Kxe3 Kc5 51. Ke4 Kd6 52. b3 a5 53. a3 a4 54. bxa4 bxa4 55. c4 Kc5 56. Kd3 Na5 0-1

[Event "Medellin Feria de las Flores op"]
[Site "Medellin"]
[Date "2022.08.03"]
[Round "1"]
[White "Marin, Luis Eduardo"]
[Black "Betancourt Giraldo, David Rogelio"]
[Result "0-1"]
[WhiteElo "1532"]
[BlackElo "2078"]
[PlyCount "66"]
[EventDate "2022.08.03"]
[EventType "swiss"]
[EventRounds "9"]
[EventCountry "COL"]
[SourceTitle "CBM 209 Extra"]
[Source "ChessBase"]
[SourceDate "2022.09.30"]
[SourceVersion "1"]
[SourceVersionDate "2022.09.30"]
[SourceQuality "1"]

1. e4 c5 2. Nf3 Nc6 3. d4 cxd4 4. Nxd4 Nf6 5. Nc3 g6 6. Be2 Bg7 7. 0-0 0-0 8. Be3 d5 9. exd5 Nxd5 10. Nxd5 Qxd5 11. Bf3 Qc4 12. Nxc6 bxc6 13. b3 Qe6 14. Rb1 Bb7 15. c4 Rfd8 16. Qc2 Bd4 17. Rfe1 Qf6 18. Bxd4 Rxd4 19. Rbd1 Rad8 20. Rxd4 Rxd4 21. h3 Bc8 22. Qe2 Kf8 23. Qe3 Bd7 24. Rd1 c5 25. Re1 Qd6 26. Qh6+ Kg8 27. Qe3 Be6 28. Bd5 Bxd5 29. cxd5 Kf8 30. Qe5 Qxe5 31. Rxe5 f6 32. Re6 Rd1+ 33. Kh2 Rxd5 0-1

[Event "COL pre olympic sf2"]
[Site "Palmira"]
[Date "2019.06.02"]
[Round "9"]
[White "Donneys, Franz"]
[Black "Marin, Luis Eduardo"]
[Result "1/2-1/2"]
[WhiteElo "1624"]
[BlackElo "1439"]
[PlyCount "118"]
[EventDate "2019.05.29"]
[EventType "swiss"]
[EventRounds "10"]
[EventCountry "COL"]
[SourceTitle "CBM 190 Extra"]
[Source "ChessBase"]
[SourceDate "2019.07.15"]
[SourceVersion "1"]
[SourceVersionDate "2019.07.15"]
[SourceQuality "1"]

1. e4 d6 2. d4 Nf6 3. Nc3 e5 4. Nf3 Nbd7 5. h3 Be7 6. Be3 0-0 7. Bc4 a6 8. a4 b6 9. dxe5 Nxe5 10. Nxe5 dxe5 11. 0-0 Bb7 12. f3 Bb4 13. Ne2 Qe7 14. Kh1 Rad8 15. Qc1 Bc5 16. Bg5 Rd6 17. Ng3 Qd7 18. Nf5 Rc6 19. Rd1 Qe8 20. c3 Bc8 21. Ng3 h6 22. Bxf6 Rxf6 23. Qc2 a5 24. Rd3 Rd6 25. Rxd6 cxd6 26. Qb3 Be6 27. Rd1 Bd7 28. Ra1 Be6 29. Bd5 Qd7 30. Kh2 g6 31. Bxe6 Qxe6 32. Qxe6 fxe6 33. Rd1 Rd8 34. c4 Rc8 35. b3 Kf7 36. Ne2 Rd8 37. Nc3 Rd7 38. Kg3 g5 39. Rd3 Kg6 40. Nd1 Bd4 41. Nc3 Bc5 42. Ne2 h5 43. h4 Rd8 44. Nc3 Rd7 45. Nb5 Bb4 46. Nc3 Bc5 47. Nd1 Rd8 48. Nc3 Rd7 49. Ne2 Rd8 50. Rd1 Be3 51. hxg5 Kxg5 52. Rd3 Bc5 53. Kh3 h4 54. Nc3 Rd7 55. Ne2 Rd8 56. Nc3 Rd7 57. Ne2 Rd8 58. Nc3 Rd7 59. Ne2 Rd8 1/2-1/2

[Event "COL-ch sf2 U16"]
[Site "Bocagrande"]
[Date "2019.05.12"]
[Round "6.8"]
[White "Escorcia Herrera, Flavio Fabrizio"]
[Black "Marin, Luis Eduardo"]
[Result "1-0"]
[WhiteElo "1381"]
[BlackElo "1439"]
[PlyCount "57"]
[EventDate "2019.05.09"]
[EventType "swiss"]
[EventRounds "6"]
[EventCountry "COL"]
[SourceTitle "EXT 2024"]
[Source "ChessBase"]
[SourceDate "2023.10.10"]
[SourceVersion "1"]
[SourceVersionDate "2023.10.10"]
[SourceQuality "1"]

1. e4 d6 2. d4 Nf6 3. Nc3 e5 4. dxe5 dxe5 5. Qxd8+ Kxd8 6. Bg5 Be6 7. 0-0-0+ Bd6 8. Kb1 h6 9. Bxf6+ gxf6 10. Nb5 Ke7 11. Nxd6 cxd6 12. Ne2 Nd7 13. Ng3 Nc5 14. f3 Rhg8 15. Nf5+ Bxf5 16. exf5 h5 17. Rg1 Rac8 18. g4 Nd7 19. h4 Nb8 20. g5 fxg5 21. hxg5 f6 22. gxf6+ Kf7 23. Rxg8 Kxg8 24. Rxd6 Kf7 25. b3 Nc6 26. Bc4+ Kf8 27. Rd7 Ke8 28. Rh7 Kf8 29. Be6 1-0

[Event "COL-ch sf2 U16"]
[Site "Bocagrande"]
[Date "2019.05.10"]
[Round "3.12"]
[White "Rico Velasco, Juliana Sofia"]
[Black "Marin, Luis Eduardo"]
[Result "0-1"]
[WhiteElo "1063"]
[BlackElo "1439"]
[PlyCount "104"]
[EventDate "2019.05.09"]
[EventType "swiss"]
[EventRounds "6"]
[EventCountry "COL"]
[SourceTitle "EXT 2024"]
[Source "ChessBase"]
[SourceDate "2023.10.10"]
[SourceVersion "1"]
[SourceVersionDate "2023.10.10"]
[SourceQuality "1"]

1. e4 d6 2. d4 Nf6 3. Nc3 e5 4. dxe5 dxe5 5. Qxd8+ Kxd8 6. Bc4 Be6 7. Bxe6 fxe6 8. Nf3 Bd6 9. Ng5 Ke7 10. 0-0 h6 11. Nf3 Nbd7 12. h3 Bb4 13. Bd2 Rhd8 14. Rad1 g5 15. a3 Bd6 16. Be3 Nb6 17. Nd2 Rd7 18. Nb5 Rad8 19. c4 Bxa3 20. bxa3 Nxc4 21. Nxc4 Rxd1 22. Bc5+ Kf7 23. Nxe5+ Kg8 24. Rxd1 Rxd1+ 25. Kh2 Nxe4 26. Bxa7 Rd5 27. Nxc7 Rxe5 28. Bb8 Nxf2 29. Ne8 Ra5 30. Nf6+ Kf7 31. Nd7 Rxa3 32. Ne5+ Kf6 33. Nd7+ Kf5 34. Bd6 Rd3 35. Bc5 Rxd7 36. Bxf2 b5 37. Bc5 Rd5 38. Bb4 g4 39. hxg4+ Kxg4 40. g3 Rd3 41. Be1 e5 42. Kg2 h5 43. Kh2 Re3 44. Bf2 Re2 45. Kg2 b4 46. Kh2 Rxf2+ 47. Kh1 b3 48. Kg1 b2 49. Kxf2 b1Q 50. Kg2 Qc2+ 51. Kh1 Kxg3 52. Kg1 Qd1# 0-1

[Event "COL pre olympic sf3"]
[Site "Dosquebradas"]
[Date "2018.06.02"]
[Round "6"]
[White "Pinillo Canon, Silvana"]
[Black "Marin, Luis Eduardo"]
[Result "1-0"]
[WhiteElo "1661"]
[BlackElo "1525"]
[PlyCount "79"]
[EventDate "2018.05.30"]
[EventType "swiss"]
[EventRounds "10"]
[EventCountry "COL"]
[SourceTitle "CBM 184 Extra"]
[Source "ChessBase"]
[SourceDate "2018.06.28"]
[SourceVersion "1"]
[SourceVersionDate "2018.06.28"]
[SourceQuality "1"]

1. e4 d6 2. d4 Nf6 3. Nc3 e5 4. Nf3 Nbd7 5. Bc4 Be7 6. 0-0 0-0 7. Re1 h6 8. Bb3 c6 9. a4 b6 10. Be3 Bb7 11. Qe2 Ng4 12. Rad1 Nxe3 13. Qxe3 Qc7 14. Rd2 exd4 15. Nxd4 Nc5 16. Ba2 Rfe8 17. Qg3 Bc8 18. b4 Nb7 19. Re3 Bf6 20. Rf3 Kh7 21. Rxf6 gxf6 22. Qf4 Kg7 23. Rd3 Re5 24. h4 h5 25. Rg3+ Bg4 26. f3 Rg8 27. fxg4 Kf8 28. Qxf6 Rg6 29. Qf4 Nd8 30. gxh5 Rxg3 31. Qxg3 Rxh5 32. Nf5 Ne6 33. Qf3 Rh8 34. h5 Ng7 35. Nxd6 Rxh5 36. Bxf7 Rh6 37. Be6+ Ke7 38. Qf7+ Kxd6 39. e5+ Kxe5 40. Qxc7+ 1-0

[Event "COL pre olympic sf3"]
[Site "Dosquebradas"]
[Date "2018.06.01"]
[Round "5"]
[White "Marin, Luis Eduardo"]
[Black "Rengifo Astudillo, Carlos Alberto"]
[Result "1-0"]
[WhiteElo "1525"]
[BlackElo "1561"]
[PlyCount "49"]
[EventDate "2018.05.30"]
[EventType "swiss"]
[EventRounds "10"]
[EventCountry "COL"]
[SourceTitle "CBM 184 Extra"]
[Source "ChessBase"]
[SourceDate "2018.06.28"]
[SourceVersion "1"]
[SourceVersionDate "2018.06.28"]
[SourceQuality "1"]

1. e4 c5 2. Nf3 e6 3. d4 cxd4 4. Nxd4 a6 5. c4 Nf6 6. Nc3 Qc7 7. Bd3 Nc6 8. Nxc6 bxc6 9. 0-0 g6 10. Bg5 Bg7 11. Qd2 0-0 12. Bh6 Ng4 13. Bf4 e5 14. Bg3 d6 15. Be2 Bh6 16. Qd3 Nf6 17. Rad1 Ne8 18. b3 f5 19. f3 f4 20. Bf2 Qe7 21. Na4 Be6 22. c5 d5 23. Nb6 dxe4 24. Qxe4 Bd5 25. Nxd5 1-0

[Event "COL-ch"]
[Site "Palmira"]
[Date "2017.05.20"]
[Round "8"]
[White "Lopez Rayo, Santiago"]
[Black "Marin, Luis Eduardo"]
[Result "1-0"]
[WhiteElo "1583"]
[BlackElo "1500"]
[PlyCount "87"]
[EventDate "2017.05.15"]
[EventType "swiss"]
[EventRounds "10"]
[EventCountry "COL"]
[SourceTitle "CBM 178 Extra"]
[Source "ChessBase"]
[SourceDate "2017.06.22"]
[SourceVersion "1"]
[SourceVersionDate "2017.06.22"]
[SourceQuality "1"]

1. e4 e5 2. Nf3 Nc6 3. d4 exd4 4. Bc4 Nf6 5. e5 d5 6. Bb5 Ne4 7. Nxd4 Bd7 8. Bxc6 bxc6 9. 0-0 Bc5 10. f3 Ng5 11. f4 Ne4 12. Be3 Bb6 13. Nd2 Nxd2 14. Qxd2 c5 15. Nb3 d4 16. Bf2 0-0 17. c3 Bc6 18. cxd4 Qd5 19. Be3 cxd4 20. Bxd4 Bxd4+ 21. Nxd4 Bb5 22. Rf2 Rad8 23. Nb3 Qxd2 24. Rxd2 Rxd2 25. Nxd2 f6 26. e6 Re8 27. f5 Bd3 28. g4 g6 29. Rc1 Re7 30. Rc3 Bb5 31. Ne4 Kg7 32. g5 fxg5 33. f6+ Kf8 34. fxe7+ Kxe7 35. Rxc7+ Kxe6 36. Rxa7 Kf5 37. Nd6+ Kf4 38. Nxb5 g4 39. Nc3 h5 40. Rf7+ Kg5 41. Ne4+ Kh6 42. a4 h4 43. a5 Kh5 44. Rh7# 1-0

[Event "COL-ch"]
[Site "Palmira"]
[Date "2017.05.17"]
[Round "4"]
[White "Rengifo Astudillo, Carlos Alberto"]
[Black "Marin, Luis Eduardo"]
[Result "1-0"]
[WhiteElo "1519"]
[BlackElo "1500"]
[PlyCount "22"]
[EventDate "2017.05.15"]
[EventType "swiss"]
[EventRounds "10"]
[EventCountry "COL"]
[SourceTitle "CBM 178 Extra"]
[Source "ChessBase"]
[SourceDate "2017.06.22"]
[SourceVersion "1"]
[SourceVersionDate "2017.06.22"]
[SourceQuality "1"]

1. d4 d5 2. c4 c6 3. Nf3 Bg4 4. Ne5 Bd7 5. Nc3 e6 6. e3 Nf6 7. Bd3 Be7 8. 0-0 0-0 9. c5 b6 10. cxb6 axb6 11. Bb1 c5 1-0